00717nai a2200181Ia 4500003000900000008004100009022002200050022002300072040001600095245005200111260008600163310001400249362002500263521006900288650005100357650003900408856008800447IN-BaIIA211028c9999 xx s 000 0 eng d a0883-7554 (Print) a1558-4402 (Online) cIIA Library 0aIEEE Electrical Insulation Magazineh[eJournal] aNew York, USAbThe Institute of Electrical and Electronics Engineers, Inc. (IEEE) aBimonthly a1(1); 1985 - Present bSubscribed through National Knowledge Resource Consortium (NKRC) a Engineered Materials, Dielectrics and Plasmas aFields, Waves and Electromagnetics uhttps://ieeexplore.ieee.org/servlet/opac?punumber=57yClick Here to Access eJournal